000 00513nam a22001937a 4500
003 CEME
005 20210628202351.0
008 210311b xxu||||| |||| 00| 0 eng d
020 _a0-471-92851-8
040 _c.
082 _a005.133-C AMM'C
100 _aAmmeraal, L
_936674
245 _aC for prorgrammers a complete tutorial based on the ansi standard
250 _a2ND
260 _aNEWYORK
_bJOHN WILEY
_c1991
300 _aIX,252P
650 _aC COMPUTER PROGRAM LANGUAGE
_91226
942 _cBK
_2ddc
999 _c569524
_d569524